01496 2200229 4500001002100000005001500021035002000036245003700056100001800093300004000111700002600151260003600177082001100213084001700224020002200241650003000263520087500293008004101168990001901209990001901228990001901247INLIS00000000001515720260408093041 a0010-04260000081 aFotografi dasar /cArif Yulianto0 aArif Yulianto aviii, 165 hlm.; 23 cm. :bIlustrasi0 aTiara Azhari (editor) aYogyakarta :bDeepublish,c2022 a770.28 a770.28 ARI f a978-623-02-5590-8 aFotografi -- Buku pedoman aBuku ini menguraikan berbagai peranan dalam dunia fotografi dalam setiap momen hidup kita. Bidang kegiatan fotografi sangat luas dan terbuka bagi para pemotret untuk menekuninya. Banyak sekali momen dalam setiap waktu yang bergulir dalam hidup dengan segala pirantinya, termasuk kamera foto. Supaya lebih paham baca terlebih dahulu daftar isi Buku Seni terbaik ini. Berikut Daftar Isi Buku Seni yang berjudul Buku Fotografi Dasar, diantaranya: Bab 1 Sejarah Fotografi Bab 2 Kamera Bab 3 Tujuan Motret Bab 4 Prinsip-Prinsip Komposisi Fotografi Bab 5 Memulai dengan Fotografi Digital Bab 6 Persiapan Memotret Bab 7 Teknik Fotografi Bab 8 Available Light Bab 9 Belajar Etika Fotografi Bab 10 Cara Menggunakan Kamera Paling Dasar Bab 11 Menguasai Setting Kamera dan Memahami Efeknya Bab 12 Fotografi Arsitektur dan Fotografi Refleksi Bab 13 Fotografi Tekstur260408 c 0 ind  a025.5149/PC/25 a025.5150/PC/25 a025.5151/PC/25